| 000 | 00927 a2200277 4500 | ||
|---|---|---|---|
| 001 | 200001119 | ||
| 650 |
_967593 _aEnglish language--Business English--Textbooks for foreign speakers. |
||
| 999 |
_c200001119 _d28774 |
||
| 003 | TR-AnTOB | ||
| 005 | 20231221104516.0 | ||
| 008 | 100719s2006 hk 000 0 d | ||
| 020 | _a962328022X | ||
| 040 | _aTR-AnTOB | ||
| 041 | _aeng | ||
| 050 | 1 | 4 |
_aPE _bESP EBUS CUNM 2006 |
| 090 | _aPE ESP EBUS CUNM 2006 | ||
| 100 | 1 |
_aCunningham, Mark _969276 |
|
| 245 | 4 |
_aThe English you need for business _cMark Cunningham and Lawrence J. Zwier. |
|
| 264 | 1 |
_aHong Kong : _bCompass Publishing, _c2006 |
|
| 300 |
_a82 p. : _bill. ; _c26 cm. _e+ 1 CD-ROM. |
||
| 650 |
_aEnglish language _xBusiness English _vProblems, exercises, etc. _968962 |
||
| 650 | 0 |
_aEnglish language _xBusiness English _xStudy and teaching _945511 |
|
| 700 |
_aZwier, Lawrence J. _969304 |
||
| 700 | 1 |
_aJones, Heather _968852 |
|
| 942 | _cMX | ||